| 000 | 00809nam a22002897a 4500 | ||
|---|---|---|---|
| 003 | CHAP | ||
| 005 | 20220817041537.0 | ||
| 008 | 971013s r 00010 d | ||
| 010 | _a17579 | ||
| 011 | _a18551 | ||
| 035 | _a22636 | ||
| 040 | _cCHAP | ||
| 090 | _aR-3484 | ||
| 100 | 0 | 0 |
_aSorensen, Paul D. _9108615 |
| 245 | _aRevision of the genus Dahlia (Compositae, Heliantheae-Coreopsidinae) | ||
| 500 | _aFotocopia | ||
| 500 | _aSobretiro de : Rhodora 71 : 309-416, 1969 | ||
| 590 |
_aBATCH-UPD _b10 _c20130110 _lUCH01 _h1128 |
||
| 590 |
_aCONVERSION _b10 _c20130109 _lUCH01 _h1311 |
||
| 650 | 1 | 4 |
_aCompuestas _926116 |
| 650 | 1 | 4 |
_aDalia. _930944 |
| 650 | 1 | 4 |
_aFlores. _941358 |
| 650 | 1 | 4 | _aPlantas ornamentales. |
| 901 | _aBK | ||
| 942 | _cREIMP | ||
| 949 |
_aR-3484 _bBC _cR _d-53000 _eTS1 _i22636 _si |
||
| 999 |
_c17579 _d17579 |
||